000 00298nam a22001097a 4500
008 211013b ||||| |||| 00| 0 eng d
050 _aPeriodical
245 _aHeythrop Journal
260 _a University of Oxford
_bBlackwell Publishers
_c1960
300 _aNot specified
942 _2lcc
_cPERIODICAL
999 _c130783
_d130783